000 00602nam a22002057a 4500
999 _c21293
_d21293
003 AR-CdUCM
008 190327b ||||| |||| 00| 0 spa d
040 _aMUNICIPALIDAD PROVINCIAL DEL CUSCO
_cBIBLIOTECA MUNICIPAL DEL CUSCO
082 _aEP/869.58/E25
_bE25
100 _aEl escribiente
_944459
245 _aGlobo de fantasía /
260 _aCusco ;
_bGutemberg,
_c2017.
300 _a110 Páginas ;
_c21 cm.
505 _aContenido : Poesía
650 _aPoesía peruana
_917610
650 _aPoesía Infantil
_95555
650 _aEscolar
_94628
942 _2ddc
_cLIBROS
945 _aRoel